Atlas básico de história universal (Record no. 71019)

MARC details
000 -LÍDER
campo de controle de tamanho fixo 00445 a2200157 4500
001 - NÚMERO DE CONTROLE
campo de controle 71019
020 ## - ISBN - INTERNATIONAL STANDARD BOOK NUMBER
ISBN - International Standard Book Number 9788576669845
040 ## - FONTE DA CATALOGAÇÃO
Instituição que transcreveu o registro Anchieta - Itaigara
100 ## - ENTRADA PRINCIPAL--NOME PESSOAL
Nome pessoal Villacampa, Vicente
240 10 - TÍTULO UNIFORME
Título uniforme Atlas básico de história universal
Idioma da obra por
245 10 - TÍTULO
Título Atlas básico de história universal
300 ## - DESCRIÇÃO FÍSICA
Extensão 96p.
362 0# - DATAS DE PUBLICAÇÃO E/OU DESIGNAÇÃO SEQUENCIAL
Datas de publicação e/ou designação sequencial 2007
650 #4 - ASSUNTO--TERMO TÓPICO
Cabeçalho tópico ou nome geográfico Representações gráficas da superficie da terra e do mundo extraterrestre.Atlas
942 ## - ELEMENTOS DE ENTRADA ADICIONADOS (KOHA)
Tipo de material Koha Livros
Holdings
Situação do descarte Situação das perdas Situação física Não pode ser emprestado Biblioteca de origem Biblioteca atual Data de aquisição Total de empréstimos Número de chamada completo Código de barras Data de último acesso Data do preço efetivo Tipo de material Koha
        Colégio São Paulo Colégio São Paulo 21/11/2023   912 VIL ATL 5079/ITA 21/11/2023 21/11/2023 Livros
        Colégio São Paulo Colégio São Paulo 22/11/2023   909 V712a 4386/CSP 22/11/2023 22/11/2023 Livros
        Colégio São Paulo Colégio São Paulo 22/11/2023   909 V712a 4387/CSP 22/11/2023 22/11/2023 Livros